|
|
|
|
| LEADER |
00000nab a2200000 ar4500 |
| 001 |
vtls009293531 |
| 003 |
SK-MaSNL |
| 005 |
20260303052750.0 |
| 008 |
080513c2008 xo |r|p|||||||000 b|slo |
| 015 |
|
|
|a SNBRB2008/05
|2 snkbucl
|
| 038 |
|
|
|a SNKBUCL
|
| 040 |
|
|
|a SNKBUCL
|b slo
|c SNKBUCL
|e AACR2
|
| 041 |
0 |
|
|a slo
|
| 044 |
|
|
|a xo
|c SK
|
| 080 |
|
|
|a 82:929:821.162.4
|2 2001
|
| 080 |
|
|
|a 821.162.4:929
|2 2001
|
| 080 |
|
|
|a 929 Rezník, Jaroslav
|2 2001
|
| 100 |
1 |
|
|a Timura, Viktor,
|d 1938-
|4 ivr
|4 aut
|9 113016
|
| 245 |
1 |
0 |
|a "Povinnosť" spoločenskej funkcie poézie
|b rozhovor so spisovateľom Jaroslavom Rezníkom
|c [zhováral sa] Viktor Timura
|
| 300 |
|
|
|b Fotogr.
|
| 600 |
1 |
7 |
|a Rezník, Jaroslav,
|d 1942-
|2 snkbucl
|9 100140
|
| 655 |
|
7 |
|a rozhovory
|2 snkbucl
|9 31831
|
| 700 |
1 |
|
|a Rezník, Jaroslav,
|d 1942-
|4 ive
|4 aut
|9 100140
|
| 773 |
0 |
|
|t Knižná revue
|g Roč. XVIII, č. 6 (2008), s. 12
|x 1210-1982
|
| 852 |
|
|
|a SNK
|b KIS3GCP
|
| 958 |
|
|
|a LX
|
| 958 |
|
|
|a SK
|
| 958 |
|
|
|a BX
|
| 999 |
|
|
|c 1716539
|d 1718469
|